| 000 | 00330nam a22001337a 4500 | ||
|---|---|---|---|
| 008 | 170609b xxu||||| |||| 00| 0 eng d | ||
| 020 | _a9780495115366 | ||
| 041 | _aeng | ||
| 080 |
_28 ED _a327 |
||
| 100 | _a19 | ||
| 101 | _aSHP | ||
| 245 |
_aTHE PROME AND PERFOMANCE OF AMERICAN DEMOCRACY _cBOND.J.R |
||
| 942 |
_2udc _cBK |
||
| 999 |
_c16663 _d16663 |
||